[Event "Augustow op"]
[Site "Augustow"]
[Date "2004.??.??"]
[Round "9"]
[White "Koronkiewicz, Adam"]
[Black "Voronov, Vadim"]
[Result "0-1"]
[WhiteElo "1800"]
[BlackElo "2020"]
[PlyCount "48"]
[EventDate "2004.08.??"]
[EventType "swiss"]
[EventRounds "9"]
[EventCountry "POL"]
[SourceTitle "EXT 2008"]
[Source "ChessBase"]
[SourceDate "2007.11.25"]
[SourceVersion "1"]
[SourceVersionDate "2007.11.25"]
[SourceQuality "1"]

1. e4 e5 2. Nf3 Nc6 3. Bc4 Nf6 4. Ng5 d5 5. exd5 Nd4 6. d6 Qxd6 7. Nxf7 Qc6 8. 0-0 Qxc4 9. Nxh8 Nxc2 10. d3 Qc6 11. Qe2 Bd6 12. Nc3 Nxa1 13. Bg5 Bg4 14. f3 Bh5 15. Bxf6 gxf6 16. g4 Bxg4 17. fxg4 Bc5+ 18. Rf2 Bxf2+ 19. Qxf2 Qb6 20. Nd5 Qxf2+ 21. Kxf2 Kf8 22. Nxc7 Rc8 23. Nb5 Kg7 24. Nf7 Rc2+ 0-1

[Event "Augustow op"]
[Site "Augustow"]
[Date "2004.??.??"]
[Round "4"]
[White "Pietruszewski, Marcin"]
[Black "Koronkiewicz, Adam"]
[Result "0-1"]
[WhiteElo "1800"]
[BlackElo "1800"]
[PlyCount "85"]
[EventDate "2004.08.??"]
[EventType "swiss"]
[EventRounds "9"]
[EventCountry "POL"]
[SourceTitle "EXT 2008"]
[Source "ChessBase"]
[SourceDate "2007.11.25"]
[SourceVersion "1"]
[SourceVersionDate "2007.11.25"]
[SourceQuality "1"]

1. d4 Nf6 2. Nf3 e6 3. Bg5 Be7 4. e3 0-0 5. Bd3 h6 6. Bh4 d6 7. c3 b6 8. Qe2 Bb7 9. Nbd2 Nbd7 10. 0-0 a5 11. Rac1 Nh7 12. Bg3 Ng5 13. Nxg5 Bxg5 14. Bc2 Bh4 15. Qd3 f5 16. Bb3 d5 17. Bxh4 Qxh4 18. Nf3 Qf6 19. Nd2 c5 20. Ba4 Ba6 21. c4 dxc4 22. Qc3 b5 23. Bd1 b4 24. Qc2 c3 25. bxc3 Bxf1 26. Nxf1 cxd4 27. cxd4 Nb6 28. Bf3 Rac8 29. Qd2 Rxc1 30. Qxc1 Rc8 31. Qb2 Qe7 32. Nd2 Qc7 33. Qb3 Qc1+ 34. Nf1 Qc4 35. Qb2 a4 36. Be2 Qc3 37. Qb1 Nc4 38. Qd1 Nb2 39. Qb1 a3 40. Ba6 Qc1 41. Qxc1 Rxc1 42. Bb5 b3 43. axb3 0-1

[Event "Augustow op"]
[Site "Augustow"]
[Date "2004.??.??"]
[Round "6"]
[White "Warakomska, Anna"]
[Black "Koronkiewicz, Adam"]
[Result "1-0"]
[WhiteElo "1911"]
[BlackElo "1800"]
[PlyCount "53"]
[EventDate "2004.08.??"]
[EventType "swiss"]
[EventRounds "9"]
[EventCountry "POL"]
[SourceTitle "EXT 2008"]
[Source "ChessBase"]
[SourceDate "2007.11.25"]
[SourceVersion "1"]
[SourceVersionDate "2007.11.25"]
[SourceQuality "1"]

1. e4 e5 2. Nf3 Nc6 3. Bb5 d6 4. d4 Bd7 5. 0-0 h6 6. Re1 a6 7. Bxc6 bxc6 8. dxe5 Bg4 9. exd6 cxd6 10. h3 Bh5 11. Qd3 Be7 12. Nc3 Bg6 13. Qc4 c5 14. Nd5 f6 15. Qa4+ Kf8 16. Bf4 Be8 17. Qb3 h5 18. Nxe7 Nxe7 19. Rad1 Bf7 20. Qb7 d5 21. Bd6 Qxd6 22. Qxa8+ Be8 23. exd5 Rg8 24. Re6 Qd7 25. Rde1 Qxd5 26. Qxd5 Nxd5 27. Rxe8+ 1-0